| 000 -LEADER |
| fixed length control field |
00579cam a2200181Ia 4500 |
| 020 ## - INTERNATIONAL STANDARD BOOK NUMBER |
| ISBN |
0283061405 |
| 040 ## - CATALOGING SOURCE |
| Transcribing agency |
DLM |
| 082 04 - DEWEY DECIMAL CLASSIFICATION NUMBER |
| Classification number |
940 SID 1993 A114 Or. |
| 245 04 - TITLE STATEMENT |
| Title |
The Imperial War Museum book of the Western Front / |
| 260 ## - PUBLICATION, DISTRIBUTION, ETC. (IMPRINT) |
| Place of publication |
London : |
| Name of publisher |
Sidgwick & Jackson, |
| Year of publication |
1993 |
| 300 ## - PHYSICAL DESCRIPTION |
| Number of Pages |
xiii, 274 p. : |
| Other physical details |
ill. (some col.), maps ; |
| Dimensions |
26 cm |
| 500 ## - GENERAL NOTE |
| General note |
"Published in association with the Imperial War Museum." |
| 650 #0 - SUBJECT ADDED ENTRY--TOPICAL TERM |
| Topical Term |
World War, 1914-1918 |
| 650 #0 - SUBJECT ADDED ENTRY--TOPICAL TERM |
| Topical Term |
World War, 1914-1918 |
| 650 #0 - SUBJECT ADDED ENTRY--TOPICAL TERM |
| Topical Term |
World War, 1914-1918 |
| 710 20 - ADDED ENTRY--CORPORATE NAME |
| Corporate name or jurisdiction name as entry element |
Imperial War Museum (Great Britain) |
| 942 ## - ADDED ENTRY ELEMENTS (KOHA) |
| Koha item type |
សៀវភៅភាសាអង់គ្លេស |
| 952 ## - LOCATION AND ITEM INFORMATION (KOHA) |
| Withdrawn status [LOCAL, KOHA] |
0 |